| 000 | 00653nam a22002297a 4500 | ||
|---|---|---|---|
| 001 | BD-DhSAU 916 | ||
| 003 | BD-DhSAU | ||
| 005 | 20150107220955.0 | ||
| 008 | 150107b1989 bd a||||r|||| 00| 0 eng d | ||
| 040 | _aBD-DhSAU | ||
| 082 |
_222 _a657 _bKHA |
||
| 100 | _aKhan, Muinuddin. | ||
| 245 |
_aAdvanced accounting / _cMuinuddin Khan. |
||
| 250 | _a8th edition. | ||
| 260 |
_aDhaka : _bIdeal Co. ; _cc1989. |
||
| 300 |
_axii, 942 p. : _bill. ; _c23 cm. |
||
| 440 |
_aBased entirely on law and practice of Bangladesh. _nVolume 1 |
||
| 590 | _ajoy | ||
| 650 | _aEconomics. | ||
| 650 | _aAccounting. | ||
| 650 |
_aAccounting. _xLaw and practice. _zBangladesh. |
||
| 942 |
_2ddc _cBOOK |
||
| 999 |
_c916 _d916 |
||